Statistics for Capitals that start with "P"

Click here to take the quiz!

General Stats

  • This quiz has been taken 314 times
  • The average score is 10 of 17

Answer Stats

HintAnswer% Correct
AmericasPanama City
75%
EuropeParis
75%
CaribbeanPort-au-Prince
72%
EuropePrague
72%
EuropePristina
66%
CaribbeanPort of Spain
64%
EuropePodgorica
63%
OceaniaPort Moresby
63%
AmericasParamaribo
59%
AfricaPretoria
59%
AsiaPyongyang
59%
AfricaPort Louis
54%
AsiaPhnom Penh
51%
OceaniaPort Vila
49%
AfricaPraia
49%
OceaniaPalikir
48%
AfricaPorto Novo
48%

Score Distribution

Percentile by Number Answered

Percent of People with Each Score

Your Score History

You have not taken this quiz